000 00795nam a2200277Ia 4500
003 OSt
005 20221005083650.0
006 a|||||r|||| 00| 0
007 ta
008 221004b |||||||| |||| 00| 0 eng d
020 _a8178293927
_c300
024 _a83203
037 _b10739, 30/03/2005, Govinda Book House
_cTextual
040 _aCRL
_cCRL
_beng
041 _2eng
_aeng
082 _aT48:(P:7), P4
100 _aOliver Paul
245 0 _aWriting your thesis
260 _aNew Delhi
_bVistaar Publications India
_c2004
300 _a197p.
_ccm.
650 _a DISSERTATIONS WRITING
_9567405
650 _a EDUCATION
650 _aRESEARCH
942 _hT48:(P:7), P4
_cTEXL
_2cc
999 _c991337
_d991337